00337nam a2200121Ia 4500008004100000100002600041245009900067260001200166260001100178260000900189300000700198650001000205160123s9999 xx 000 0 und d10aChandarasiri,M.M.N.M. aDetermination of the Fruit Content in Fruit Nectar Products Available in the Sri Lankan Market aColombo bIchemc c2013 a24 aFruit